- Valenzuela Arce, José Manuel,
Entry Nombre Personal
001 - NUMERO DE CONTROL
- campo de control: 34740
003 - IDENTIFICADOR DE NUMERO DE CONTROL
- campo de control: DLC
005 - FECHA Y HORA DE LA ÜLTIMA TRANSACCIÓN
- campo de control: 20230808133813.0
008 - DATOS DE LONGITUD FIJA
- campo de control de longitud fija: 880816n| azannaabn |a aaa
010 ## - NÚMERO DE CONTROL DE LA BIBLIOTECA DEL CONGRESO
- Número de control LC: n 88026721
035 ## - NUMERO DE CONTROL
- Número de control: (OCoLC)oca02342400
035 ## - NUMERO DE CONTROL
- Número de control: (CaEvSKY)skya3120534
040 ## - FUENTE DE CATALOGACIÓN
- Agencia original de catalogación: DLC
- Lenguaje de catalogación: spa
- Description conventions: rda
- Agencia de transcripción: DLC
- Agencia que lo modifica: DLC
- Agencia que lo modifica: OCoLC
- Agencia que lo modifica: CoU
- Agencia que lo modifica: ICU
- Agencia que lo modifica: MX-MxCID
- Agencia que lo modifica: MX-MxUPN
046 ## - FECHAS CON CODIFICACIÓN ESPECIAL
- Fecha de nacimiento: 1954
053 #0 - NÚMERO DE CLASIFICACIÓN LC
- Número de clasificación elemento-número único o número inicial de tramo: PQ7298.32.A3938
100 1# - ENCABEZAMIENTO - NOMBRE PERSONAL
- Nombre personal: Valenzuela Arce, José Manuel,
- Fechas asociadas con el nombre: 1954-
370 ## - LUGAR ASOCIADO
- Place of birth: Tecate (México)
- Fuente del término: naf
372 ## - CAMPO DE ACTIVIDAD
- Field of activity: Cultura popular
- Field of activity: Movimientos sociales
- Field of activity: Sociología urbana
373 ## - GRUPO ASOCIADO
- Associated group: Colegio de la Frontera Norte (Tijuana, Baja California, Mexico). Departamento de Estudios Culturales
- Start period: 1982
- Fuente del término: naf
373 ## - GRUPO ASOCIADO
- Associated group: Colegio de México
- Associated group: Sistema Nacional de Investigadores (Mexico)
- Fuente del término: naf
374 ## - OCUPACIÓN
- Occupation: Profesor universitario
377 ## - LENGUA ASOCIADA
- Language code: spa
400 1# - VEÁSE - NOMBRE DE PERSONA
- Personal name: Valenzuela, José Manuel,
- Dates associated with a name: 1954-
400 1# - VEÁSE - NOMBRE DE PERSONA
- Personal name: Valenzuela, Manuel,
- Dates associated with a name: 1954-
670 ## - FUENTE EN LA QUE SE LOCALIZARON DATOS
- Cita de la fuente: --y todos tiramos piedras, 1987:
- Información localizada: portada (José Manuel Valenzuela Arce) página 134 (nació en Tecate, B.C., México en 1954; investigador del, Departamento de Estudios Culturales del Colegio de la Frontera Norte)
670 ## - FUENTE EN LA QUE SE LOCALIZARON DATOS
- Cita de la fuente: A la brava ése! 1988:
- Información localizada: portada (José Manuel Valenzuela) página 4 de la cubierta (José Manuel Valenzuela Arce)
670 ## - FUENTE EN LA QUE SE LOCALIZARON DATOS
- Cita de la fuente: Entre la magia y la historia, 1992:
- Información localizada: portada (José Manuel Valenzuela Arce) cubierta (Manuel Valenzuela)
670 ## - FUENTE EN LA QUE SE LOCALIZARON DATOS
- Cita de la fuente: Página del Consejo Iberoamericano de Investigación en Juventud, vía www, Enero, 15, 2016:
- Información localizada: (José Manuel Valenzuela Arce; Doctor en Ciencias Sociales con especialidad en Sociología por El Colegio de México. Es profesor-investigador del Departamento de Estudios Culturales de El Colegio de la Frontera Norte de desde el 14 de agosto de 1982 a la fecha; Miembro del Sistema Nacional de Investigadores (Nivel III); fue fundador de El Colegio de la Frontera Norte (1982) y del Departamento de Estudios Culturales)
- Uniform Resource Identifier: http://www.ses.unam.mx/ciij/jmva.htm
670 ## - FUENTE EN LA QUE SE LOCALIZARON DATOS
- Cita de la fuente: El gran México : las culturas mexicanas más allá de las fronteras, 2019:
- Información localizada: portada (José Manuel Valenzuela Arce, coordinador)
902 ## - CATALOGADOR
- Catalogador: Víctor Ruiz/080823
